Normal view
MARC view
- Taylor W C & Labarre P
Entry Personal Name
001 - CONTROL NUMBER
- control field: 111512
003 - CONTROL NUMBER IDENTIFIER
- control field: OSt
005 - DATE AND TIME OF LATEST TRANSACTION
- control field: 20230125044048.0
008 - FIXED-LENGTH DATA ELEMENTS
- fixed length control field: 230125|| aca||aabn | a|a d
040 ## - CATALOGING SOURCE
- Original cataloging agency: OSt
- Transcribing agency: OSt
100 ## - HEADING--PERSONAL NAME
- Personal name: Taylor W C & Labarre P
670 ## - SOURCE DATA FOUND
- Source citation: Work cat.: (OSt)88438: Taylor W C 111511, Mavericks at Work : Why The Most Original Maids in Business Win, 2007